Les Mystères de l’Histoire. (Registro nro. 320298)

Detalles MARC
000 -ENCABEZADO
Número de control [NR] 01695nam a2200265 4500
005 - FECHA Y HORA DE LA ÚLTIMA TRANSACCIÓN
control field 20211216143859.0
008 - DE LONGITUD FIJA DE DATOS DE ELEMENTOS - INFORMACIÓN GENERAL
Elementos de longitud fija [NR] 160706s1907 fr ||fr|||| 001 0 fre d
040 ## - FUENTE DE CATALOGACION [NR]
Agencia de catalogación original [NR] CO-BoUCM
Idioma de catalogación [NR] spa
Quien Cataloga Sandra Yazo
Quien Clasifica Sandra Yazo
041 0# - CODIGO DE IDIOMA [R]
Código de idioma para texto/pista de sonido o título separado [R] Francés
082 04 - NUMERO DE CLASIFICACION DECIMAL DEWEY [R]
Número de la edición [NR] 20
Número de clasificación [R] 904
092 ## - SIGNATURA TOPOGRAFICA LOCAL
Número de clasificación local E51N058
100 1# - ASIENTO PRINCIPAL--NOMBRE PERSONAL [NR]
Nombre personal [NR] Lang, Andrew
ID Autoridad 78043
242 00 - TRADUCCION DEL TITULO POR LA AGENCIA CATALOGADORA [R]
Título [NR] Misterios de la Historia.
Mención de responsabilidad, etc. [NR] por Andrew Lang ; Traducción del inglés por Teodor de Wyzewa.
Código de idioma del título traducido [NR] spa
245 14 - MENCION DE TITULO [NR]
Título [NR] Les Mystères de l’Histoire.
Mención de responsabilidad, etc. [NR] by Andrew Lang ; Traduits de l’anglais par Teodor de Wyzewa.
260 ## - PUBLICACION, DISTRIBUCION, ETC. (PIE DE IMPRENTA) [R]
Lugar de publicación, distribución, etc. [R] París (Francia)
Nombre del editor, distribuidor, etc. [R] Librairie Academique ; Perrin et Cie. [Librería Académica ; Perrin y Compañía]
Fecha de publicación, distribución, etc. [R] 1907
300 ## - DESCRIPCION FISICA [R]
Extensión [R] viii, 351 páginas
Dimensiones [R] 28 x 12 cm.
500 ## - NOTA GENERAL [R]
Nota general [NR] Detalles físicos: Encuadernación rígida (holandesa) en cartón forrado en papel con repujados. Lomo de tela, con adornos en dorado. Tapas con detalles en dorado. Guardas. Hoja de cortesía. Anteportada. Portada impresa en una sola tinta. Texto impreso en una columna, con diferentes tipos y tamaños de letra. Índice. En portada, sello seco que dice: “Librería Minerva. Papelería. Bogotá”.
505 0# - NOTA DE CONTENIDO CON FORMATO PREESTABLECIDO [R]
Nota de contenido con formato preestablecido [NR] La máscara de hierro ; La doble vida de Jacques de la Cloche ; Gaspar Hauser ; El asesinato de Escobedo ; El misterio de Campden ; San Germán el inmortal ; La conspiración de los Gowrie ; La aventura de Elisabeth Canning ; El fantasma de Fisher ; El enredo Shakespeare-Bacon.
506 ## - NOTA DE RESTRICCIONES DE ACCESO [R]
Condiciones de acceso [NR] Consulta en sala
546 ## - NOTA DE IDIOMA [R]
Nota de idioma [NR] Texto en francés
650 #7 - ASIENTO SECUNDARIO DE MATERIA - TERMINO TEMATICO [R]
9 (RLIN) 7695
Término temático o nombre geográfico como elemento de entrada [NR] Historia
Subdivisión general [R] Ensayos, conferencias, etc
650 #7 - ASIENTO SECUNDARIO DE MATERIA - TERMINO TEMATICO [R]
9 (RLIN) 272
Término temático o nombre geográfico como elemento de entrada [NR] Literatura inglesa
Subdivisión cronológica [R] Siglo XIX-XX
700 1# - ASIENTO SECUNDARIO - NOMBRE PERSONAL [R]
Nombre personal [NR] Wyzewa, Teodor de
Término de relación [R] traductor
9 (RLIN) 172810
942 ## - ELEMENTOS DE ENTRADA AGREGADOS (KOHA)
Sistema de clasificación LOCAL
Tipo de ítem principal el descrito en 300a Libro
Edición 1
Clasificación E51N058
Existencias
Suprimido Perdido Sistema de clasificación Dañado No prestable Tipo de ítem específico Ubicación habitual Ubicación actual Localización Fecha de creación Forma de adquisición Total préstamos Signatura topográfica Código de barras Última vez visto Ejemplar Price effective from Tipo de ítem
    LOCAL     Libro archivo Archivo Histórico Archivo Histórico Archivo histórico 16/12/2021 Donación   E51N058 L010655 16/12/2021 Ej.1 16/12/2021 Libro